Golden Globe for Best Actor in a Drama: 2010s Nominees - Statistics

General Stats
  • This quiz has been taken 290 times
  • The average score is 30 of 50
Answer Stats
Year Film Answer % Correct
2016 The Revenant Leonardo DiCaprio
97%
2012 J. Edgar Leonardo DiCaprio
97%
2019 A Star is Born Bradley Cooper
91%
2018 The Post Tom Hanks
91%
2014 Captain Phillips Tom Hanks
91%
2013 Lincoln Daniel Day-Lewis
90%
2019 Bohemian Rhapsody Rami Malek
90%
2018 Phantom Thread Daniel Day-Lewis
90%
2012 Moneyball Brad Pitt
89%
2014 Dallas Buyers Club Matthew McConaughey
87%
2017 Manchester by the Sea Casey Affleck
85%
2011 The King’s Speech Colin Firth
85%
2010 A Single Man Colin Firth
85%
2015 The Theory of Everything Eddie Redmayne
80%
2016 The Danish Girl Eddie Redmayne
80%
2018 Roman J. Israel, Esq. Denzel Washington
79%
2017 Fences Denzel Washington
79%
2013 Flight Denzel Washington
79%
2019 BlacKkKlansman John David Washington
76%
2018 Darkest Hour Gary Oldman
74%
2015 The Imitation Game Benedict Cumberbatch
73%
2011 The Social Network Jesse Eisenberg
72%
2012 The Descendants George Clooney
69%
2010 Up in the Air George Clooney
69%
2011 127 Hours James Franco
65%
2010 Invictus Morgan Freeman
65%
2018 Call Me By Your Name Timothée Chalamet
65%
2010 Crazy Heart Jeff Bridges
64%
2017 Hacksaw Ridge Andrew Garfield
63%
2015 Nightcrawler Jake Gyllenhaal
59%
2016 Steve Jobs Michael Fassbender
59%
2012 Shame Michael Fassbender
59%
2015 Foxcatcher Steve Carell
52%
2012 The Ides of March Ryan Gosling
49%
2011 Blue Valentine Ryan Gosling
49%
2016 Concussion Will Smith
49%
2014 12 Years a Slave Chiwetel Ejiofor
48%
2016 Trumbo Bryan Cranston
46%
2013 The Master Joaquin Phoenix
44%
2011 The Fighter Mark Wahlberg
44%
2017 Captain Fantastic Viggo Mortensen
43%
2019 At Eternity’s Gate William Dafoe
24%
2014 Mandela: Long Walk to Freedom Idris Elba
22%
2010 Brothers Tobey Maguire
17%
2014 All is Lost Robert Redford
16%
2019 Boy Erased Lucas Hedges
13%
2015 Selma David Oyelowo
12%
2017 Loving Joel Edgerton
12%
2013 The Sessions John Hawkes
8%
2013 Arbitrage Richard Gere
8%
No matching quizzes found
Score Distribution
Percent of People with Each Score
Percentile by Number Answered
Your Score History
You have not taken this quiz